00463pam a2200181 a 4500001000800000005001700008008004100025010001700066020002500083040001800108041000800126080001200134082002000146100000700166101000800173245006100181504003900242473420820180117035330.0840806s1984 nyua b 001 0 eng  a 84040372  a0312515332 :c$27.50 aDLCcDLCdDLC aeng a330.15700a330.157 REE2191 a52 aEKO10aMarkets, entrepreneurs, and liberty :cW. Duncan Reekie. aIncludes bibliographies and index.